| 000 | 00454nam a2200193Ia 4500 | ||
|---|---|---|---|
| 005 | 20240823045147.0 | ||
| 008 | 240823s9999||||xx |||||||||||||| ||und|| | ||
| 020 | _a978-93-80408-40-8 | ||
| 041 | _aENGLISH | ||
| 082 | _A530 Q0 | ||
| 100 | _aSri ramarao M et al. | ||
| 245 | 0 | _aPerspective of Engineerign Physics -I | |
| 250 | _a1st | ||
| 260 |
_c2010 _bAcme Lea |
||
| 500 | _aYES | ||
| 650 |
_aPhysics _bPhysics |
||
| 942 | _cBK | ||
| 999 |
_c214313 _d214313 |
||